Movies Quiz

Random Movies or Clickable Quiz

Bad Movies by Description Quiz Stats

 Plays Quiz Updated Jul 3, 2019

Score 0/20 Timer 08:00
4 Plays Today
% Correct
The Cat in the Hat
93.2%
Batman & Robin
90.7%
Saving Christmas
87.3%
Battlefield Earth
87.1%
Jaws: The Revenge
86.2%
Superbabies: Baby Geniuses 2
82.5%
Sharknado
81.6%
Titanic: The Legend Goes On...
81.1%
The Emoji Movie
81%
United Passions
79.7%
% Correct
The Last Airbender
79.4%
Fantastic Four (2015)
78%
The Garbage Pail Kids Movie
76.3%
Birdemic: Shock and Terror
76.3%
Jack and Jill
75.1%
Eight Crazy Nights
69.5%
The Room
65.6%
Troll 2
59.9%
Foodfight!
53.3%
Manos: The Hands of Fate
50.2%

You're not logged in!

Compare scores with friends on all Sporcle quizzes.
OR
Log In

Sporcle TV

Today on Sporcle TV


Watch our educational content, quiz creation guides, and fun videos on Sporcle TV.

Show Comments

Extras

Top Quizzes Today


Score Distribution

Your Account Isn't Verified!

In order to create a playlist on Sporcle, you need to verify the email address you used during registration. Go to your Sporcle Settings to finish the process.

Report this User

Report this user for behavior that violates our Community Guidelines.

Details: